[Event "Wellington Open"]
[Site "Wellington Chess Club"]
[Date "2025.04.19"]
[Round "4.25"]
[White "Ashe, Michael"]
[Black "Thingbaijam, Conan"]
[Result "1-0"]
[WhiteElo "1666"]
[BlackElo "1273"]
[WhiteFideId "4310462"]
[BlackFideId "4326792"]
[EventDate "2025.04.18"]
[SourceDate ""]

1. d4 Nf6 2. c4 g6 3. f3 Bg7 4. e4 d6 5. Be3 O-O 6. Nc3 e5 7. Nge2 Nc6 8. d5
Ne7 9. Qd2 Ne8 10. g4 b6 11. g5 f5 12. h4 f4 13. Bf2 Bb7 14. O-O-O Rb8 15. Bh3
Bc8 16. Kb1 Ra8 17. Nc1 Rb8 18. Rdg1 Bxh3 19. Rxh3 Kf7 20. Be1 Rh8 21. Qh2 Kg8
22. Rh1 Nc8 23. Qg2 Ne7 24. R1h2 Ra8 25. Nd3 a5 26. a4 Ra7 27. Nf2 Rb7 28. Ng4
Rb8 29. Nh6+ Kf8 30. h5 gxh5 31. Rxh5 Ng6 32. Nf5 Kg8 33. Qg4 Ra8 34. Qh3 Nf8
35. Bh4 Rb8 36. g6 Nf6 37. gxh7+ N8xh7 38. Nxg7 Kxg7 39. Qf5 Qd7 40. Bxf6+ Nxf6
41. Qg5+ 1-0

[Event "Wellington Open"]
[Site "Wellington Chess Club"]
[Date "2025.04.19"]
[Round "4.32"]
[White "Swinburne, McKenzie S E (Zion)"]
[Black "Li, Hanson"]
[Result "1-0"]
[WhiteElo "1423"]
[BlackElo "461"]
[WhiteFideId "0"]
[BlackFideId "9999986"]
[EventDate "2025.04.18"]
[SourceDate ""]

1. e4 e6 2. Nf3 Nc6 3. c3 d5 4. e5 Nge7 5. d4 g6 6. h4 Bg7 7. h5 b6 8. hxg6
fxg6 9. g3 Bb7 10. Ng5 Qd7 11. Bh3 O-O-O 12. Bxe6 Qxe6 13. Nxe6 Rhf8 14. Qg4
Kb8 15. Rxh7 Rf7 16. Nxd8 Nxd8 17. Bg5 Ndc6 18. e6 Rf8 19. Rxg7 Rh8 20. Bxe7
Nxe7 21. Rxe7 Rh1+ 22. Kd2 1-0

[Event "Wellington Open"]
[Site "Wellington Chess Club"]
[Date "2025.04.21"]
[Round "5.1"]
[White "Hague, Ben"]
[Black "Croad, Nicolas"]
[Result "1-0"]
[WhiteElo "2333"]
[BlackElo "2173"]
[WhiteFideId "405647"]
[BlackFideId "4300793"]
[EventDate "2025.04.18"]
[SourceDate ""]

1. e4 e5 2. Nf3 Nc6 3. Bc4 Nf6 4. Ng5 d5 5. exd5 Na5 6. Bb5+ c6 7. dxc6 bxc6 8.
Bd3 Ng4 9. Nh3 Bc5 10. O-O O-O 11. Nc3 f5 12. Be2 Qh4 13. d3 h6 14. Qe1 Bd7 15.
Kh1 Rae8 16. Bd2 Nb7 17. f3 Qxe1 18. Rfxe1 Be3 19. Bxe3 Nxe3 20. Rac1 Nd6 21.
f4 exf4 22. Bh5 g5 23. Bxe8 Rxe8 24. Nd1 c5 25. g3 Nxd1 26. Rcxd1 fxg3 27. hxg3
f4 28. Rxe8+ Nxe8 29. Nf2 fxg3 30. Ne4 Bc6 31. Kg2 Nf6 32. Kxg3 Bxe4 33. dxe4
Nxe4+ 34. Kf3 Nf6 35. Rd8+ Kf7 36. Ra8 h5 37. Rxa7+ Ke6 38. a4 Nd7 39. a5 Ne5+
40. Ke4 Nc6 41. Rh7 Nxa5 42. Rxh5 Nc4 43. Rxg5 Nxb2 44. Rxc5 Kd6 45. Kd4 Na4
46. Rh5 Kc6 47. Rh6+ Kc7 48. c4 Nb6 49. Rxb6 1-0

[Event "Wellington Open"]
[Site "Wellington Chess Club"]
[Date "2025.04.21"]
[Round "5.2"]
[White "Ker, Anthony F"]
[Black "Archer, Ollie"]
[Result "0-1"]
[WhiteElo "2212"]
[BlackElo "2021"]
[WhiteFideId "4300084"]
[BlackFideId "4317262"]
[EventDate "2025.04.18"]
[SourceDate ""]

1. e4 c6 2. Nf3 d5 3. exd5 cxd5 4. Ne5 Nc6 5. Bb5 Bd7 6. Nxd7 Qxd7 7. d4 Nf6 8.
c3 e6 9. O-O Bd6 10. Nd2 O-O 11. Bd3 Rae8 12. f4 Qc7 13. g3 Ne7 14. Qe2 g6 15.
Nf3 Nf5 16. Ne5 h5 17. Be3 Kg7 18. Bf2 Be7 19. h3 Nd6 20. g4 hxg4 21. hxg4 Rh8
22. Kg2 Rh7 23. Rh1 Reh8 24. Rxh7+ Rxh7 25. Rh1 Rxh1 26. Kxh1 Nfe4 27. Kg2 a6
28. Be3 b5 29. a3 Qc8 30. g5 Qh8 31. Bf2 Bd8 32. Be1 Bc7 33. Qf3 Qa8 34. Qh3
Nf5 35. Kf3 Bxe5 36. dxe5 Qa7 37. Ke2 Neg3+ 38. Bxg3 Qe3+ 39. Kf1 Qxd3+ 40. Kg2
Qd2+ 41. Bf2 Qxf4 42. Qh2 Qxg5+ 43. Kf3 Nh6 44. Bh4 Qh5+ 45. Kg2 Qe2+ 46. Kg1
Qxh2+ 47. Kxh2 Ng4+ 0-1

[Event "Wellington Open"]
[Site "Wellington Chess Club"]
[Date "2025.04.21"]
[Round "5.3"]
[White "Winter, Ryan"]
[Black "Dive, Russell J"]
[Result "0-1"]
[WhiteElo "2050"]
[BlackElo "2165"]
[WhiteFideId "4306295"]
[BlackFideId "4300106"]
[EventDate "2025.04.18"]
[SourceDate ""]

1. e4 e5 2. Nf3 Nf6 3. Nxe5 d6 4. Nf3 Nxe4 5. d4 Be7 6. Bd3 d5 7. O-O Nc6 8.
Nc3 Nxc3 9. bxc3 O-O 10. h3 h6 11. Bf4 Bd6 12. Qd2 Qf6 13. Bxd6 Qxd6 14. Rab1
b6 15. Rfe1 Bd7 16. Re3 Rfe8 17. Rbe1 Rxe3 18. Rxe3 Re8 19. Rxe8+ Bxe8 20. c4
dxc4 21. Bxc4 Bd7 22. Qe3 Be6 23. Bb3 Bd5 24. c3 Qe6 25. Qf4 Bxb3 26. axb3 Qe7
27. Qf5 g6 28. Qb5 Qd6 29. d5 Ne7 30. c4 c6 31. dxc6 Nxc6 32. Qa6 Kg7 33. Qb7
Qc5 34. Qd7 a5 35. Qd3 Qe7 36. Qc3+ Qf6 37. Qe3 Qd8 38. g3 Nb4 39. Kg2 Na6 40.
Ne5 Nc5 41. Ng4 h5 42. Qc3+ f6 43. Ne3 Qd3 44. Qxd3 Nxd3 45. Nd5 Nc5 46. Nxb6
Nxb3 47. Na4 Kf7 48. f4 Ke6 49. Kf2 Nd2 50. Nb2 Ne4+ 51. Kf3 Nc5 52. Nd1 a4 53.
Nc3 a3 54. Ke3 f5 55. Na2 Kd6 56. Kd4 Ne6+ 57. Kd3 h4 58. gxh4 Kc5 59. Nc3
Nxf4+ 60. Ke3 Kxc4 61. Na2 Ng2+ 62. Kf3 Nxh4+ 63. Kf4 Ng2+ 0-1

[Event "Wellington Open"]
[Site "Wellington Chess Club"]
[Date "2025.04.21"]
[Round "5.5"]
[White "Wilson, Dion A"]
[Black "Chang, Luke"]
[Result "1-0"]
[WhiteElo "1867"]
[BlackElo "2025"]
[WhiteFideId "4321413"]
[BlackFideId "4325605"]
[EventDate "2025.04.18"]
[SourceDate ""]

1. e4 c5 2. Nc3 Nc6 3. g3 e5 4. Bg2 g6 5. d3 Bg7 6. Nh3 Nge7 7. O-O O-O 8. f4
d6 9. f5 f6 10. g4 Nd4 11. Ne2 Nxe2+ 12. Qxe2 g5 13. Nf2 Nc6 14. c3 Re8 15. Be3
b5 16. Nd1 Bb7 17. Bf2 Bf8 18. Ne3 Be7 19. Rfd1 Qd7 20. Nd5 Na5 21. d4 Bxd5 22.
exd5 exd4 23. Qe6+ Qxe6 24. dxe6 Rac8 25. cxd4 c4 26. Be1 Nc6 27. Bxc6 Rxc6 28.
a4 b4 29. Bxb4 d5 30. Bc3 Rb8 31. Re1 Kf8 32. Re2 Bd6 33. Kg2 Ke7 34. Rh1 h5
35. h4 gxh4 36. Rxh4 Rg8 37. Rxh5 Rxg4+ 38. Kf1 Rg5 39. Rh7+ Ke8 40. Rf2 Bf8
41. Rxa7 Rc8 42. Rd7 Rb8 43. Rxd5 Bb4 44. Rb5 Rxb5 45. axb5 Bxc3 46. bxc3 Rg3
47. Rc2 Rf3+ 48. Ke2 Rxf5 49. Rb2 Rg5 50. Kf3 Rg7 51. b6 1-0

[Event "Wellington Open"]
[Site "Wellington Chess Club"]
[Date "2025.04.21"]
[Round "5.6"]
[White "Wang, Justin Zhide"]
[Black "Malcolm, Aidan"]
[Result "1-0"]
[WhiteElo "1960"]
[BlackElo "1732"]
[WhiteFideId "4312830"]
[BlackFideId "4315073"]
[EventDate "2025.04.18"]
[SourceDate ""]

1. e4 e5 2. Nf3 d5 3. exd5 Nf6 4. Qe2 Bd6 5. Nc3 O-O 6. d3 h6 7. a3 c6 8. dxc6
Nxc6 9. Be3 Qa5 10. Bd2 Qb6 11. O-O-O Bg4 12. Be3 Qa5 13. Na2 Rac8 14. Qd2 Qc7
15. Kb1 e4 16. h3 Be6 17. Ne1 b5 18. g4 b4 19. d4 Qb7 20. b3 bxa3 21. Ka1 Nb4
22. c4 a5 23. g5 hxg5 24. Rg1 Nh7 25. Rb1 f5 26. Bxg5 Nxg5 27. Rxg5 Be7 28. Rg6
Bf7 29. Rg3 Nc6 30. Nc2 Bh4 31. Rg1 Bf6 32. Nc3 Rfd8 33. Nb5 Ne5 34. Be2 Be8
35. Ncxa3 Bxb5 36. Nxb5 Nc6 37. Qh6 Nxd4 38. Qxf6 Nxe2 39. Rg5 Rd2 40. Qe6+ Qf7
41. Qxc8+ Kh7 42. Qxf5+ 1-0

[Event "Wellington Open"]
[Site "Wellington Chess Club"]
[Date "2025.04.21"]
[Round "5.7"]
[White "Charles, Dion"]
[Black "Baker, Ilias Angelo (Leo)"]
[Result "0-1"]
[WhiteElo "1819"]
[BlackElo "1947"]
[WhiteFideId "4305981"]
[BlackFideId "4311116"]
[EventDate "2025.04.18"]
[SourceDate ""]

1. e4 e5 2. Nf3 Nc6 3. Nc3 Nf6 4. d4 exd4 5. Nxd4 Bb4 6. Nxc6 bxc6 7. Bd3 d5 8.
exd5 O-O 9. O-O cxd5 10. Bg5 c6 11. h3 h6 12. Bh4 Rb8 13. Na4 Bd6 14. a3 c5 15.
b3 Be5 16. Bg3 Bxg3 17. fxg3 Qd6 18. Qf3 c4 19. bxc4 dxc4 20. Bf5 Bxf5 21. Qxf5
Qxg3 22. Qc5 Rbc8 23. Qe7 Rfe8 24. Qb7 Rc7 25. Qf3 Qg6 26. Rf2 Rce7 27. Nc3 Re3
0-1

[Event "Wellington Open"]
[Site "Wellington Chess Club"]
[Date "2025.04.21"]
[Round "5.9"]
[White "Thirkell, Zachary"]
[Black "Winsley, Nicholas"]
[Result "0-1"]
[WhiteElo "1649"]
[BlackElo "1946"]
[WhiteFideId "4322207"]
[BlackFideId "4315146"]
[EventDate "2025.04.18"]
[SourceDate ""]

1. d4 d5 2. c4 c6 3. Nf3 Nf6 4. g3 e6 5. Bg2 Nbd7 6. Qc2 Be7 7. O-O b6 8. Nbd2
O-O 9. e4 dxc4 10. Nxc4 Bb7 11. Rd1 c5 12. Nfe5 cxd4 13. Rxd4 Bc5 14. Rd1 Rc8
15. Nxd7 Nxd7 16. Qd3 Qf6 17. Qe2 Ba6 18. Rxd7 Bxc4 19. Qf3 Rcd8 20. Qxf6 gxf6
21. Rxd8 Rxd8 22. Bf3 Bd4 23. a4 Rc8 24. Kg2 Ba6 25. Bd2 Rc2 26. Be1 e5 27. a5
Bxb2 28. Rd1 Bd4 29. axb6 axb6 30. Rd2 Rxd2 31. Bxd2 Bd3 32. g4 Kf8 33. Kg3 Bc5
34. Bg2 b5 35. f4 b4 36. g5 b3 37. Bc1 fxg5 38. fxg5 Bd4 39. Kg4 b2 40. Bxb2
Bxb2 41. Kf5 Kg7 42. Bf3 Bb5 43. Kg4 Kg6 44. h4 Bd7+ 45. Kg3 Bc1 46. Bg4 Bf4+
47. Kf3 Bxg4+ 48. Kxg4 h5+ 49. gxh6 Kxh6 50. Kf5 Kh5 51. Kf6 Kxh4 52. Kxf7 Kg4
53. Ke6 Kf3 0-1

[Event "Wellington Open"]
[Site "Wellington Chess Club"]
[Date "2025.04.21"]
[Round "5.14"]
[White "Winsley, Daniel"]
[Black "Benitez, Edgar"]
[Result "1-0"]
[WhiteElo "1694"]
[BlackElo "1833"]
[WhiteFideId "4315138"]
[BlackFideId "4301315"]
[EventDate "2025.04.18"]
[SourceDate ""]

1. e4 d5 2. exd5 Nf6 3. d4 Nxd5 4. c4 Nb4 5. Qa4+ N8c6 6. d5 b5 7. cxb5 Nd4 8.
Na3 e5 9. Be3 Qh4 10. b6+ Bd7 11. b7 Rd8 12. Qxa7 Nbc2+ 13. Nxc2 Bb4+ 14. Nxb4
O-O 15. Bxd4 exd4 16. O-O-O d3 17. Nxd3 Qc4+ 18. Kb1 Bf5 19. Qa3 Qxd5 20. Qb3
Qa5 21. Nf3 Be6 22. Qa3 Qb6 23. Be2 Bf5 24. Qb3 Qa7 25. Ne5 Rd6 26. Bf3 Rb6 27.
Qc4 Be6 28. Bd5 Bxd5 29. Qxd5 Rxb7 30. Nc5 Rb5 31. Rc1 Qb6 32. Rc2 Rb8 33.
Qxf7+ Kh8 34. Ned3 Qd6 35. Re1 h6 36. Re8+ Kh7 37. Qf5+ Qg6 38. Qxg6+ Kxg6 39.
Rxb8 1-0

[Event "Wellington Open"]
[Site "Wellington Chess Club"]
[Date "2025.04.21"]
[Round "5.15"]
[White "Sethuramalingam, Karthik"]
[Black "Rajendran, Abhinand"]
[Result "1-0"]
[WhiteElo "1807"]
[BlackElo "1448"]
[WhiteFideId "4320964"]
[BlackFideId "88125521"]
[EventDate "2025.04.18"]
[SourceDate ""]

1. d4 d5 2. c4 e6 3. Nf3 c5 4. cxd5 exd5 5. g3 Nf6 6. Bg2 cxd4 7. Nxd4 Bc5 8.
O-O Qb6 9. Nb3 Bd6 10. Nc3 O-O 11. Nxd5 Nxd5 12. Bxd5 Rd8 13. Bg5 Re8 14. Rc1
Qb5 15. Be3 Bh3 16. Bg2 Bxg2 17. Kxg2 Bf8 18. Re1 Nc6 19. Bc5 Bxc5 20. Rxc5 Qa4
21. a3 Rad8 22. Qc2 h6 23. Qc4 Qxc4 24. Rxc4 Ne5 25. Rc7 Rb8 26. e3 a6 27. Rd1
Rec8 28. Rxc8+ Rxc8 29. Rc1 Rc4 30. f4 Rxc1 31. Nxc1 Nc4 32. Nd3 Nxe3+ 33. Kf3
Nc4 34. Ke4 Kf8 35. Kd4 b5 36. a4 Nd2 37. axb5 axb5 38. Kc5 Nf1 39. Kxb5 Nxh2
40. Ka6 Nf1 41. g4 Ne3 42. Nf2 Nd5 43. Nh3 Ke7 44. Kb5 f5 45. g5 hxg5 46. fxg5
Ke6 47. Kc5 Ke5 48. b4 f4 49. b5 Nc7 50. b6 Na6+ 51. Kc4 Kf5 52. g6 Ke4 53. Kc3
Ke3 54. Kc4 Ke4 55. Kc3 f3 56. Kd2 Nc5 57. Ng5+ Kf4 58. Ne6+ Kg3 59. Nxc5 1-0

[Event "Wellington Open"]
[Site "Wellington Chess Club"]
[Date "2025.04.21"]
[Round "5.20"]
[White "Ha, Timothy Huy Minh"]
[Black "Swinburne, McKenzie S E (Zion)"]
[Result "1-0"]
[WhiteElo "1751"]
[BlackElo "1423"]
[WhiteFideId "12417246"]
[BlackFideId "0"]
[EventDate "2025.04.18"]
[SourceDate ""]

1. e4 d6 2. d4 g6 3. Nf3 h6 4. Nc3 Bg7 5. Be3 Nd7 6. Qd2 e5 7. dxe5 Nxe5 8.
Nxe5 Bxe5 9. f4 Bg7 10. O-O-O Bg4 11. Re1 Ne7 12. Bd4 f6 13. Nd5 Nc6 14. Bc3 g5
15. h3 Bh5 16. g3 Rf8 17. Bb5 Qd7 18. Nb4 a5 19. Nxc6 bxc6 20. Ba4 Bf7 21. e5
Kd8 22. exf6 Bh8 23. Re7 Qf5 24. Bxc6 Bxf6 25. Rd7+ Kc8 26. Rxf7 Rxf7 27. Bxa8
Bxc3 28. Qxc3 Rf8 29. Bf3 Kd8 30. Bg4 Qb5 31. Re1 c5 32. Qg7 Re8 33. Qf6+ Kc7
34. Re7+ Kb6 35. Qxd6+ Qc6 36. Qxc6+ Kxc6 37. Rxe8 h5 38. fxg5 hxg4 39. hxg4
Kb5 40. g6 c4 41. g7 Kb4 42. g8=B c3 43. Rc8 cxb2+ 44. Kb1 Ka3 45. Bd5 a4 46.
g5 Kb4 47. g6 Kb5 48. g7 Kb6 49. g8=B Ka7 50. Bge6 a3 51. g4 Kb6 52. g5 Ka7 53.
g6 Kb6 54. g7 Ka7 55. g8=B Kb6 56. Bg4 Ka7 57. B8e6 Kb6 58. Be2 Ka5 59. Rb8 Ka4
60. Bd7+ Ka5 61. c4 Ka6 62. c5+ Ka5 63. c6 Ka4 64. c7+ Ka5 65. Rb5+ Ka6 66.
Bb7+ Ka7 67. Bbc6 Ka6 68. Bdg4 Ka7 69. c8=N+ Ka6 70. Rh5# 1-0

[Event "Wellington Open"]
[Site "Wellington Chess Club"]
[Date "2025.04.21"]
[Round "6.1"]
[White "Archer, Ollie"]
[Black "Hague, Ben"]
[Result "1/2-1/2"]
[WhiteElo "2021"]
[BlackElo "2333"]
[WhiteFideId "4317262"]
[BlackFideId "405647"]
[EventDate "2025.04.18"]
[SourceDate ""]

1. d4 d5 2. c4 dxc4 3. Nf3 Nf6 4. e3 Bg4 5. Bxc4 e6 6. h3 Bh5 7. Nc3 Nc6 8. Bb5
Bd6 9. e4 Nd7 10. Be3 O-O 11. Be2 Bxf3 12. Bxf3 e5 1/2-1/2

[Event "Wellington Open"]
[Site "Wellington Chess Club"]
[Date "2025.04.21"]
[Round "6.2"]
[White "Dive, Russell J"]
[Black "Young, Cohen"]
[Result "1-0"]
[WhiteElo "2165"]
[BlackElo "2041"]
[WhiteFideId "4300106"]
[BlackFideId "4317440"]
[EventDate "2025.04.18"]
[SourceDate ""]

1. Nf3 d5 2. c4 e6 3. b3 Nf6 4. Bb2 Bd6 5. g3 O-O 6. Bg2 Re8 7. Nc3 c6 8. d4 b6
9. O-O Nbd7 10. e3 Ba6 11. Qe2 e5 12. Rfd1 Qc7 13. Rac1 e4 14. Nd2 Qb7 15. f3
exf3 16. Qxf3 Rac8 17. e4 dxe4 18. Ndxe4 Bf8 19. Re1 Nxe4 20. Nxe4 b5 21. c5
Re6 22. Bh3 Rh6 23. Ng5 Nf6 24. Bxc8 Qxc8 25. d5 cxd5 26. c6 Rg6 27. Bxf6 gxf6
28. Nxf7 Qc7 29. Nh6+ Rxh6 30. Qxd5+ Qf7 31. Qxf7+ Kxf7 32. c7 Bc8 33. Red1 Rh5
34. Rd8 Bc5+ 35. Rxc5 Rxc5 36. Rxc8 Ke6 37. Re8+ Kd7 38. c8=Q+ Rxc8 39. Rxc8
Kxc8 40. Kf2 Kd7 41. Ke3 Ke7 42. Kd4 Kd6 43. g4 Kc6 44. Ke4 Kd6 45. Kf5 Ke7 46.
b4 a6 47. Ke4 Kd6 48. Kd4 Kc6 49. Ke4 Kd6 50. Kf5 Ke7 51. g5 fxg5 52. Kxg5 Kf7
53. Kf5 Ke7 54. Ke5 Kd7 55. Kd5 Kc7 56. Kc5 Kb7 57. Kd6 Kb6 58. h4 h5 59. a3 a5
60. Kd5 1-0

[Event "Wellington Open"]
[Site "Wellington Chess Club"]
[Date "2025.04.21"]
[Round "6.3"]
[White "Croad, Nicolas"]
[Black "Keith, Matthew"]
[Result "0-1"]
[WhiteElo "2173"]
[BlackElo "1725"]
[WhiteFideId "4300793"]
[BlackFideId "4320913"]
[EventDate "2025.04.18"]
[SourceDate ""]

1. d4 d5 2. c4 e6 3. Nf3 Nf6 4. g3 dxc4 5. Qc2 a6 6. a4 c5 7. Qxc4 b5 8. Qc2
cxd4 9. Bg2 Bb7 10. O-O Be4 11. Qb3 b4 12. a5 Bc5 13. Nbd2 Bd5 14. Qc2 Ba7 15.
Qa4+ Qd7 16. Qxb4 Nc6 17. Qa3 Rb8 18. b3 Rb5 19. Nc4 Bc5 20. Qa2 Qb7 21. Ba3
O-O 22. Bxc5 Rxc5 23. Rfc1 Ne4 24. Qa3 Bxc4 25. bxc4 Rxa5 26. Qd3 Nc5 27. Qd1
Rxa1 28. Rxa1 Qc7 29. Ne1 Ne5 30. Qc2 Rd8 31. Rb1 Qa5 32. Nf3 Qc3 33. Rc1 Nxf3+
34. Bxf3 Qxc2 35. Rxc2 e5 36. Bd5 Kf8 37. Rb2 Ke7 38. Kf1 Kd7 39. Bxf7 Kc7 40.
Bd5 Rb8 41. Ra2 Rb4 42. f4 e4 43. Kg2 Kb6 44. g4 a5 45. f5 d3 46. g5 dxe2 47.
Rxe2 a4 48. f6 gxf6 49. gxf6 a3 50. f7 Nd7 51. Rxe4 Rb2+ 52. Kg3 a2 53. Re6+
Ka7 54. Re7 a1=Q 55. Rxd7+ Ka6 56. f8=Q Qg1+ 0-1

[Event "Wellington Open"]
[Site "Wellington Chess Club"]
[Date "2025.04.21"]
[Round "6.4"]
[White "Winsley, Nicholas"]
[Black "Wang, Justin Zhide"]
[Result "0-1"]
[WhiteElo "1946"]
[BlackElo "1960"]
[WhiteFideId "4315146"]
[BlackFideId "4312830"]
[EventDate "2025.04.18"]
[SourceDate ""]

1. d4 e6 2. e4 d5 3. Nc3 Nf6 4. e5 Nfd7 5. Nce2 c5 6. c3 Nc6 7. Nf3 Qb6 8. g3
cxd4 9. cxd4 f6 10. Bh3 fxe5 11. Bxe6 e4 12. Ng5 Nf6 13. Bf7+ Kd8 14. O-O h6
15. Ne6+ Ke7 16. Nxf8 Kxf7 17. f3 Rxf8 18. fxe4 dxe4 19. Be3 Kg8 20. Qd2 Qa5
21. Qc1 Bh3 22. Rf4 g5 23. b4 Qd5 24. Nc3 Qe6 25. d5 Nxd5 26. Rxe4 Nxc3 27.
Rxe6 Ne2+ 28. Kh1 Nxc1 0-1

[Event "Wellington Open"]
[Site "Wellington Chess Club"]
[Date "2025.04.21"]
[Round "6.5"]
[White "Baker, Ilias Angelo (Leo)"]
[Black "Timergazi, Layla"]
[Result "1-0"]
[WhiteElo "1947"]
[BlackElo "1946"]
[WhiteFideId "4311116"]
[BlackFideId "4303733"]
[EventDate "2025.04.18"]
[SourceDate ""]

1. d4 Nf6 2. Nf3 g6 3. c4 c5 4. d5 b5 5. cxb5 a6 6. e3 d6 7. Nc3 Bg7 8. a4 O-O
9. e4 Nbd7 10. Be2 axb5 11. Bxb5 Ba6 12. Qe2 Qb6 13. O-O Rfc8 14. Bf4 Ng4 15.
Nd2 Nge5 16. Be3 Bxb5 17. Nxb5 Nf6 18. h3 Qa6 19. Bg5 Ned7 20. Nc4 h6 21. Bxf6
Bxf6 22. Ra3 Nb6 23. b3 Nd7 24. Ra2 Bg7 25. f4 Qb7 26. Rd2 Nf6 27. Qf3 Rd8 28.
Rfd1 Nd7 29. Kh1 Rf8 30. Qe2 f6 31. Qg4 Kh7 32. Re1 g5 33. Qf5+ Kh8 34. Qe6 Nb8
35. e5 fxe5 36. fxe5 dxe5 37. Nxe5 Rf6 38. Ng6+ Kh7 39. Qxe7 Qc8 40. Ne5 Na6
41. Ng4 Rf4 42. d6 Qd8 43. Rf2 Rxf2 44. Nxf2 Nb4 45. Ng4 Kh8 46. Re6 Nd5 47.
Qf7 Qg8 48. Nxh6 Qxf7 49. Nxf7+ Kg8 50. Nxg5 Nf6 51. Ne4 Nd7 52. Re7 Rd8 53.
Nc7 Ne5 54. Rxg7+ Kxg7 55. Ne6+ 1-0

[Event "Wellington Open"]
[Site "Wellington Chess Club"]
[Date "2025.04.21"]
[Round "6.6"]
[White "Winter, Ryan"]
[Black "Wilson, Dion A"]
[Result "1-0"]
[WhiteElo "2050"]
[BlackElo "1867"]
[WhiteFideId "4306295"]
[BlackFideId "4321413"]
[EventDate "2025.04.18"]
[SourceDate ""]

1. e4 d6 2. d4 Nf6 3. Nc3 e5 4. Nge2 Be7 5. h3 O-O 6. g3 exd4 7. Qxd4 Nc6 8.
Qd1 Re8 9. Bg2 Ne5 10. O-O c6 11. a4 a5 12. Kh1 Qc7 13. f4 Ng6 14. Be3 b6 15.
Qe1 Bb7 16. Qf2 Bd8 17. Nd4 d5 18. exd5 Nxd5 19. Nxd5 cxd5 20. Nb5 Qc6 21. c4
Qd7 22. Rad1 d4 23. f5 Bxg2+ 24. Qxg2 Rxe3 25. Qxa8 d3 26. Rf3 Rxf3 27. Qxf3
Ne5 28. Qe4 f6 29. Nc3 Be7 30. Qd5+ Qxd5+ 31. Nxd5 Bb4 32. b3 Kf7 33. Kg2 g5
34. fxg6+ hxg6 35. Nf4 d2 36. Nd5 Nd3 37. Nxb4 Nxb4 38. Rxd2 Ke6 39. h4 1-0

[Event "Wellington Open"]
[Site "Wellington Chess Club"]
[Date "2025.04.21"]
[Round "6.7"]
[White "Ashton, Matthew"]
[Black "Ker, Anthony F"]
[Result "0-1"]
[WhiteElo "1873"]
[BlackElo "2212"]
[WhiteFideId "4313003"]
[BlackFideId "4300084"]
[EventDate "2025.04.18"]
[SourceDate ""]

1. e4 c5 2. Nf3 g6 3. d4 cxd4 4. Nxd4 Nc6 5. Nc3 Bg7 6. Be3 Nf6 7. Be2 d6 8.
O-O O-O 9. Kh1 Bd7 10. f4 Qc8 11. Nxc6 bxc6 12. Bf3 Qc7 13. Qd2 Rab8 14. Rab1
Rfe8 15. Bd4 e5 16. fxe5 dxe5 17. Bg1 Be6 18. Rfd1 Bf8 19. a3 Nd7 20. Be3 Nb6
21. Be2 Red8 22. Qe1 Rxd1 23. Qxd1 Nc4 24. Bxc4 Bxc4 25. Qg1 Rb7 26. b3 Be6 27.
Bc5 Qa5 28. Bxf8 Kxf8 29. Na4 Rb5 30. Qe3 Qxa4 31. Rd1 Qa5 32. Qg5 Kg7 33. Rf1
Rb8 34. h4 h5 35. Qf6+ Kh7 36. g4 Qd8 37. Qxe5 Qxh4+ 38. Kg1 Qxg4+ 39. Kh1 Rd8
0-1

[Event "Wellington Open"]
[Site "Wellington Chess Club"]
[Date "2025.04.21"]
[Round "6.8"]
[White "Chen, Wei Kai"]
[Black "Sethuramalingam, Karthik"]
[Result "1/2-1/2"]
[WhiteElo "1802"]
[BlackElo "1807"]
[WhiteFideId "4304152"]
[BlackFideId "4320964"]
[EventDate "2025.04.18"]
[SourceDate ""]

1. b3 e5 2. Bb2 Nc6 3. e3 d5 4. Nf3 e4 5. Nd4 Nxd4 6. Bxd4 Nf6 7. Be2 c5 8. Bb2
Be7 9. O-O O-O 10. f4 d4 11. Qe1 dxe3 12. dxe3 Nd5 13. Bc4 Bf6 14. Bxf6 Qxf6
15. Nd2 Nc3 16. a4 Rd8 17. Be2 Nxe2+ 18. Qxe2 Bf5 19. Nc4 Rac8 1/2-1/2

[Event "Wellington Open"]
[Site "Wellington Chess Club"]
[Date "2025.04.21"]
[Round "6.9"]
[White "Cummings, Nick"]
[Black "Winsley, Daniel"]
[Result "1-0"]
[WhiteElo "1939"]
[BlackElo "1694"]
[WhiteFideId "4301218"]
[BlackFideId "4315138"]
[EventDate "2025.04.18"]
[SourceDate ""]

1. Nf3 e6 2. c4 d5 3. d4 Nf6 4. g3 Be7 5. Bg2 Nbd7 6. O-O O-O 7. Qc2 Re8 8.
Nbd2 b6 9. e4 dxc4 10. Nxc4 Ba6 11. Re1 Rc8 12. Nce5 c5 13. Qa4 Nb8 14. Ng5 h6
15. Ngxf7 Qxd4 16. Qb3 c4 17. Qf3 Bb7 18. Qf4 Rf8 19. Be3 Qxb2 20. Rab1 Qc2 21.
Rbc1 Qa4 22. Bh3 Bxe4 23. Bxe6 Kh7 24. Bf5+ Bxf5 25. Qxf5+ Kg8 26. Nxh6+ gxh6
27. Qg6+ Kh8 28. Bxh6 Nh5 1-0

[Event "Wellington Open"]
[Site "Wellington Chess Club"]
[Date "2025.04.21"]
[Round "6.16"]
[White "Malcolm, Aidan"]
[Black "Abbott, Isaac"]
[Result "1-0"]
[WhiteElo "1732"]
[BlackElo "1057"]
[WhiteFideId "4315073"]
[BlackFideId "4326350"]
[EventDate "2025.04.18"]
[SourceDate ""]

1. d4 d6 2. e4 e5 3. Nf3 Nd7 4. Nc3 Ngf6 5. Rg1 Be7 6. g4 exd4 7. Nxd4 Ne5 8.
g5 Nfd7 9. f4 Ng6 10. Bc4 c6 11. Nf5 Nb6 12. Bb3 Bxf5 13. exf5 Nf8 14. Qe2 Nfd7
15. Ne4 Qc7 16. f6 O-O-O 17. fxe7 Rde8 18. Be3 d5 19. Ng3 Rxe7 20. Nf5 Re4 21.
O-O-O g6 22. Ng3 Re7 23. Qf3 Rhe8 24. Bd2 Nc5 25. Bb4 Re3 26. Qg4+ Ne6 27. Bd2
Kb8 28. Bxe3 Nc4 29. Bxc4 dxc4 30. f5 gxf5 31. Nxf5 b5 32. Nd4 Nxd4 33. Qxd4
Qa5 34. Bf4+ Ka8 35. Qd7 Re6 36. Qc8# 1-0